01556nam a2200397 a 4500001001200000003000800012006001900020007001500039008004100054010001700095020003600112040002100148035002100169043001200190050002400202082001800226100003300244245009200277260005400369300001600423490003400439504006400473533015200537650005400689650004600743650003700789650003200826650003100858650002300889650002200912655002900934710001700963830003500980856012601015999001701141ebr10256030CaPaEBRm u cr cn|||||||||030311s2004 wiu sb s001 0 eng  z 2003005678 z0299194507 (cloth : alk. paper) aCaPaEBRcCaPaEBR a(OCoLC)294954094 ae-gr---14aPA3083b.Z36 2004eb04a881/.01092211 aZanker, G.q(Graham),d1947-10aModes of viewing in Hellenistic poetry and arth[electronic resource] /cGraham Zanker. aMadison :bUniversity of Wisconsin Press,cc2004. axiv, 223 p.1 aWisconsin studies in classics aIncludes bibliographical references (p. 201-214) and index. aElectronic reproduction.bPalo Alto, Calif. :cebrary,d2013.nAvailable via World Wide Web.nAccess may be limited to ebrary affiliated libraries. 0aGreek poetry, HellenisticxHistory and criticism. 0aDescription (Rhetoric)xHistoryyTo 1500. 0aVisual perception in literature. 0aArt and literaturezGreece. 0aPoint of view (Literature) 0aRhetoric, Ancient. 0aArt, Hellenistic. 7aElectronic books.2local2 aebrary, Inc. 0aWisconsin studies in classics.40uhttp://site.ebrary.com/lib/rucke/Doc?id=10256030zAn electronic book accessible through the World Wide Web; click to view c14420d14420